000 00861cam a2200301 i 4500
999 _c200128927
_d6896
001 200128927
003 TR-AnTOB
005 20200415143458.0
007 ta
008 130402m19931988tu 000 d0e t tu tur d
020 _a9754181993
040 _aTR-AnTOB
_beng
_erda
_cTR-AnTOB
_dTR-AnTOB
041 0 _atur
050 0 _aPL248
090 _aPL248.O9359
_bC3 1993
100 0 _aÖzdemir Asaf,
_d1923-1981
_eauthor
_9116982
245 1 0 _aÖzdemir Asaf'ça :
_botokopi, deneme /
_cÖzdemir Asaf.
246 3 3 _aÇa :otokopi, deneme
264 _aİstanbul :
_bAdam Yayınları,
_c1993.
300 _a173 pages ;
_c20 cm.
336 _atext
_2rdacontent
337 _ardamedia
_2unmediated
338 _avolume
_2rdacarrier
650 0 _aTurkish essays
_918593
650 7 _aTürk denemeleri
_2etuturkob
_97069
942 _cBK
_2lcc